DE English 101 - Helping Verbs - Statistics

General Stats
  • This quiz has been taken 84 times
  • The average score is 19 of 23
Answer Stats
Helping verbs % Correct
am
100%
was
96%
be
92%
is
92%
would
92%
are
88%
could
88%
had
88%
should
88%
will
88%
been
83%
being
83%
can
83%
have
83%
were
83%
has
79%
must
79%
shall
79%
may
75%
might
75%
did
71%
do
71%
does
71%
No matching quizzes found
Score Distribution
Percent of People with Each Score
Percentile by Number Answered
Your Score History
You have not taken this quiz